Organizational collaboration : (Record no. 837)

MARC details
000 -LEADER
fixed length control field 00753nam a22002297a 4500
005 - DATE AND TIME OF LATEST TRANSACTION
control field 20250420134826.0
008 - FIXED-LENGTH DATA ELEMENTS--GENERAL INFORMATION
fixed length control field 230820b ||||| |||| 00| 0 eng d
020 ## - INTERNATIONAL STANDARD BOOK NUMBER
International Standard Book Number 9780415671408
040 ## - CATALOGING SOURCE
Transcribing agency KCST
082 ## - DEWEY DECIMAL CLASSIFICATION NUMBER
Classification number 658.4
Item number Or
100 ## - MAIN ENTRY--PERSONAL NAME
Personal name MariaLaura Di Domenico (editor)
9 (RLIN) 5770
245 ## - TITLE STATEMENT
Title Organizational collaboration :
Remainder of title themes and issues /
Statement of responsibility, etc. MariaLaura Di Domenico et al. (Editors)
260 ## - PUBLICATION, DISTRIBUTION, ETC.
Place of publication, distribution, etc. Abingdon, Oxon;
Name of publisher, distributor, etc. Routledge;
Date of publication, distribution, etc. 2011
300 ## - PHYSICAL DESCRIPTION
Extent xii, 276 pages :
Other physical details illustrations ; 24 cm
650 ## - SUBJECT ADDED ENTRY--TOPICAL TERM
Topical term or geographic name entry element Organizational behavior
9 (RLIN) 1289
700 ## - ADDED ENTRY--PERSONAL NAME
Personal name Vangen, Siv
Relator term Editor
9 (RLIN) 5771
700 ## - ADDED ENTRY--PERSONAL NAME
Personal name Winchester, Nik
Relator term Editor
9 (RLIN) 5772
700 ## - ADDED ENTRY--PERSONAL NAME
Personal name Boojihawon, Dev Kumar
Relator term Editor
9 (RLIN) 5773
700 ## - ADDED ENTRY--PERSONAL NAME
Personal name Mordaunt, Jill
Relator term Editor
9 (RLIN) 5774
942 ## - ADDED ENTRY ELEMENTS (KOHA)
Koha item type Book
942 ## - ADDED ENTRY ELEMENTS (KOHA)
Source of classification or shelving scheme Dewey Decimal Classification
Holdings
Withdrawn status Lost status Source of classification or shelving scheme Damaged status Not for loan Home library Current library Date acquired Source of acquisition Cost, normal purchase price Total checkouts Full call number Barcode Date last seen Price effective from Koha item type
    Dewey Decimal Classification     KCST Library KCST Library 20/08/2023 Donation drive 0.00   658.4 Or 1000000847 20/08/2023 20/08/2023 Book
© 2025 KCST. All rights reserved